[Event "Chigorin Memorial 30th"]
[Site "St Petersburg"]
[Date "2023.10.28"]
[Round "8"]
[White "Simkin, Alexander"]
[Black "Ilin, Artem"]
[Result "1-0"]
[WhiteElo "1386"]
[BlackElo "1531"]
[PlyCount "89"]
[EventDate "2023.10.21"]
[EventType "swiss"]
[EventRounds "9"]
[EventCountry "RUS"]
[SourceTitle "Mega2024 Update 01"]
[Source "Chessbase"]
[SourceDate "2023.11.12"]
[SourceVersion "1"]
[SourceVersionDate "2023.11.12"]
[SourceQuality "1"]

1. d4 Nf6 2. Nf3 e6 3. e3 c5 4. Nbd2 b6 5. Bd3 Bb7 6. 0-0 Be7 7. Re1 Bxf3 8. Nxf3 d5 9. Bb5+ Nbd7 10. Ne5 0-0 11. Nc6 Qe8 12. Nxe7+ Qxe7 13. Bf1 e5 14. c4 Rfd8 15. cxd5 e4 16. Bc4 cxd4 17. exd4 Qd6 18. g3 Nxd5 19. Rxe4 N7f6 20. Re5 Nb4 21. Qb3 Qxd4 22. Bxf7+ Kf8 23. Bf4 Nd3 24. Re2 Nxf4 25. gxf4 Qxf4 26. Be6 Rd4 27. Qa3+ Qd6 28. Qf3 Re8 29. Rc1 Rd1+ 30. Rxd1 Qxd1+ 31. Kg2 Qd6 32. Bb3 Rxe2 33. Qxe2 Qe7 34. Qf3 Qe4 35. h3 Ke7 36. Qxe4+ Nxe4 37. Bc2 Nf6 38. Kf3 g5 39. Ke3 h5 40. Kd4 Kd6 41. Bf5 h4 42. f3 a5 43. a4 Nd5 44. Be4 Nc7 45. Bf5 1-0

[Event "Chigorin Memorial 30th"]
[Site "St Petersburg"]
[Date "2023.10.25"]
[Round "5"]
[White "Ilin, Artem"]
[Black "Kudryashova, Sofiya"]
[Result "0-1"]
[WhiteElo "1531"]
[BlackElo "1204"]
[PlyCount "66"]
[EventDate "2023.10.21"]
[EventType "swiss"]
[EventRounds "9"]
[EventCountry "RUS"]
[SourceTitle "Mega2024 Update 01"]
[Source "Chessbase"]
[SourceDate "2023.11.12"]
[SourceVersion "1"]
[SourceVersionDate "2023.11.12"]
[SourceQuality "1"]

1. d4 Nf6 2. c4 b6 3. Nf3 Bb7 4. Bf4 g6 5. e3 e6 6. Nc3 Ne4 7. Bd3 Nxc3 8. bxc3 d5 9. cxd5 exd5 10. h4 Bg7 11. h5 Nd7 12. hxg6 hxg6 13. Rxh8+ Bxh8 14. Qc2 Qe7 15. Bxc7 Rc8 16. Bf4 Bf6 17. Nd2 Bxd4 18. Nb1 Bg7 19. Kf1 Nc5 20. Bb5+ Kf8 21. Nd2 Ne4 22. Nxe4 dxe4 23. Rd1 Rd8 24. Ke2 Kg8 25. Rxd8+ Qxd8 26. Qd2 Qc8 27. c4 a6 28. Bd7 Qxc4+ 29. Kd1 Bd5 30. Bc8 a5 31. Bd7 a4 32. Bc7 Bc3 33. Qc2 Qf1# 0-1

[Event "Chigorin Memorial 30th"]
[Site "St Petersburg"]
[Date "2023.10.23"]
[Round "3"]
[White "Ilin, Artem"]
[Black "Zograf, Svetlana"]
[Result "1/2-1/2"]
[WhiteElo "1531"]
[BlackElo "1860"]
[PlyCount "101"]
[EventDate "2023.10.21"]
[EventType "swiss"]
[EventRounds "9"]
[EventCountry "RUS"]
[SourceTitle "Mega2024 Update 01"]
[Source "Chessbase"]
[SourceDate "2023.11.12"]
[SourceVersion "1"]
[SourceVersionDate "2023.11.12"]
[SourceQuality "1"]

1. d4 d5 2. c4 dxc4 3. Nf3 a6 4. e3 Bg4 5. Bxc4 e6 6. 0-0 Nf6 7. h3 Bh5 8. Nc3 Bd6 9. e4 Bb4 10. e5 Nd5 11. Nxd5 exd5 12. Be2 Nc6 13. Be3 0-0 14. g4 Bg6 15. a3 Be7 16. Nd2 f6 17. f4 fxe5 18. fxe5 Bg5 19. Rxf8+ Kxf8 20. Qb3 Kg8 21. Nf3 Bxe3+ 22. Qxe3 Qd7 23. Nd2 Rf8 24. Nb3 Nd8 25. Nc5 Qe7 26. Bf3 c6 27. b4 Qh4 28. Bg2 b6 29. Nd7 Rf7 30. Nxb6 Ne6 31. Rf1 Rxf1+ 32. Kxf1 h5 33. Qc3 Nf4 34. Qf3 Bd3+ 35. Kg1 Qe1+ 36. Bf1 Bxf1 37. Qxf1 Qg3+ 38. Kh1 Nxh3 39. Qg2 Nf2+ 40. Kg1 Qxg2+ 41. Kxg2 Nxg4 42. Nc8 Ne3+ 43. Kf3 Nc2 44. Ne7+ Kf7 45. Nxc6 Nxa3 46. Kf4 Nb5 47. Kg5 g6 48. Nd8+ Ke7 49. Nc6+ Kf7 50. Nd8+ Ke7 51. Nc6+ 1/2-1/2

[Event "Alushta op"]
[Site "Alushta"]
[Date "2023.07.08"]
[Round "7"]
[White "Shalagin, Vladimir"]
[Black "Ilin, Artem"]
[Result "0-1"]
[WhiteElo "1859"]
[BlackElo "1402"]
[PlyCount "42"]
[EventDate "2023.07.02"]
[EventType "swiss"]
[EventRounds "9"]
[EventCountry "UKR"]
[SourceTitle "CBM 215 Extra"]
[Source "ChessBase"]
[SourceDate "2023.09.30"]
[SourceVersion "1"]
[SourceVersionDate "2023.09.30"]
[SourceQuality "1"]

1. d4 Nf6 2. c4 e6 3. Nf3 Bb4+ 4. Bd2 Qe7 5. a3 Bxd2+ 6. Qxd2 0-0 7. Nc3 d6 8. e3 e5 9. Qc2 c6 10. dxe5 dxe5 11. Bd3 a5 12. Ng5 h6 13. Nge4 Na6 14. Nxf6+ Qxf6 15. Ne4 Qg6 16. 0-0-0 f5 17. Ng3 e4 18. Be2 Nc5 19. Nh5 Nd3+ 20. Bxd3 exd3 21. Rxd3 Qxh5 0-1